000 00656nam a2200229Ia 4500
005 20231117105840.0
008 131103s9999 xx 000 0 und d
020 _a1 85278 587 X
040 _aLoreto College
041 _aEnglish
082 _a327
_b COF
100 _aCoffey, Peter
245 4 _aThe Future of Europe
_cPeter Coffey
260 _aAldershot
_bEdward Elgar
_cc1995
300 _aviii,204 p.
_b ill.,figures,tables
504 _aIncludes index
630 _aEurope - Foreign Policy,1989
650 _aPolitics - International Relations - European Federation -
651 _aPolitical Science -
850 _aLCLIB
942 _cBK
999 _c1297
_d51776